Welcome to CU Library Online Public Access Catalogue (OPAC)

Supervision; (Record no. 5832)

MARC details
000 -LEADER
fixed length control field 00439nam a22001577a 4500
005 - DATE AND TIME OF LATEST TRANSACTION
control field 20250516181231.0
008 - FIXED-LENGTH DATA ELEMENTS--GENERAL INFORMATION
fixed length control field 250516b |||||||| |||| 00| 0 eng d
020 ## - INTERNATIONAL STANDARD BOOK NUMBER
International Standard Book Number 9780324590906
050 ## - LIBRARY OF CONGRESS CALL NUMBER
Classification number HF5549
Item number .12 LEO
100 ## - MAIN ENTRY--PERSONAL NAME
Personal name Edwin C. Leonard
245 ## - TITLE STATEMENT
Title Supervision;
Remainder of title concepts and practices of management
250 ## - EDITION STATEMENT
Edition statement 11th
260 ## - PUBLICATION, DISTRIBUTION, ETC.
Place of publication, distribution, etc. Australia
Name of publisher, distributor, etc. South-Western Cengage Learning
Date of publication, distribution, etc. c2010
300 ## - PHYSICAL DESCRIPTION
Extent xxiii, 584p
942 ## - ADDED ENTRY ELEMENTS (KOHA)
Source of classification or shelving scheme Library of Congress Classification
Koha item type Books
Suppress in OPAC No
999 ## -
-- 5832
-- 5832
Holdings
Withdrawn status Lost status Source of classification or shelving scheme Damaged status Not for loan Collection Home library Current library Shelving location Date acquired Total checkouts Full call number Barcode Date last seen Copy number Price effective from Koha item type
    Library of Congress Classification       Graduate Library (Christ Temple) Graduate Library (Christ Temple) General stacks 02/16/2026   HF 5549.12.H55 LEO gsct00002563 02/16/2026   02/16/2026 Books
    Library of Congress Classification       Graduate Library (Christ Temple) Graduate Library (Christ Temple) General stacks 02/16/2026   HF 5549.12.H55 LEO gsct00002564 02/16/2026   02/16/2026 Books
    Library of Congress Classification     Non-fiction Undergraduate Library (Christ Temple) Undergraduate Library (Christ Temple) General stacks 05/16/2025   HF5549.12 LEO ulct00002465 05/16/2025 1 05/16/2025 Books
    Library of Congress Classification     Non-fiction Undergraduate Library (Christ Temple) Undergraduate Library (Christ Temple) General stacks 05/16/2025   HF5549.12 LEO ulct00002466 05/16/2025 2 05/16/2025 Books
    Library of Congress Classification     Non-fiction Undergraduate Library (Christ Temple) Undergraduate Library (Christ Temple) General stacks 05/16/2025   HF5549.12 LEO ulct00002467 05/16/2025 3 05/16/2025 Books
© 2023-2024 Copyright: Central University Libraries. All Rights Reserved | Created by: Mahone Tech Office